Peleg Wadsworth correspondence, (Record no. 44863)

MARC details
000 -LEADER
fixed length control field 01422cpcaa2200325 a 4500
001 - CONTROL NUMBER
control field mm2011085594
003 - CONTROL NUMBER IDENTIFIER
control field DLC
005 - DATE AND TIME OF LATEST TRANSACTION
control field 20260227111732.0
008 - FIXED-LENGTH DATA ELEMENTS--GENERAL INFORMATION
fixed length control field 110715|||||||||||| eng
010 ## - LIBRARY OF CONGRESS CONTROL NUMBER
LC control number mm2011085594
040 ## - CATALOGING SOURCE
Original cataloging agency DLC
Transcribing agency DLC
Description conventions dacs
Modifying agency DLC
072 #7 - SUBJECT CATEGORY CODE
Subject category code C
Source lcmd
100 1# - MAIN ENTRY--PERSONAL NAME
Personal name Wadsworth, Peleg,
Dates associated with a name 1748-1829.
245 00 - TITLE STATEMENT
Title Peleg Wadsworth correspondence,
Inclusive dates 1798.
300 ## - PHYSICAL DESCRIPTION
Extent 10
Type of unit items.
506 0# - RESTRICTIONS ON ACCESS NOTE
Terms governing access Open to research.
520 8# - SUMMARY, ETC.
Summary, etc. ALsS (1798 January-May) written by Wadsworth, while serving as a U.S. representative from Massachusetts, to his son, Charles L. Wadsworth, relating chiefly to the XYZ affair and to family matters. Includes typewritten transcripts of the letters.
545 0# - BIOGRAPHICAL OR HISTORICAL DATA
Biographical or historical data U.S. representative from Massachusetts and Continental Army officer.
546 ## - LANGUAGE NOTE
Language note Collection material in English.
580 ## - LINKING ENTRY COMPLEXITY NOTE
Linking entry complexity note Forms part of: Miscellaneous Manuscripts collection.
600 10 - SUBJECT ADDED ENTRY--PERSONAL NAME
Personal name Wadsworth, Charles L.,
Dates associated with a name 1776-1848
Form subdivision Correspondence.
600 30 - SUBJECT ADDED ENTRY--PERSONAL NAME
Personal name Wadsworth family.
650 #0 - SUBJECT ADDED ENTRY--TOPICAL TERM
Topical term or geographic name entry element XYZ Affair, 1797-1798.
651 #0 - SUBJECT ADDED ENTRY--GEOGRAPHIC NAME
Geographic name France
General subdivision Foreign relations
Geographic subdivision United States.
651 #0 - SUBJECT ADDED ENTRY--GEOGRAPHIC NAME
Geographic name United States
General subdivision Foreign relations
Geographic subdivision France.
656 #7 - INDEX TERM--OCCUPATION
Occupation Army officers.
Source of term itoamc
656 #7 - INDEX TERM--OCCUPATION
Occupation Representatives, U.S. Congress
Geographic subdivision New York (State)
Source of term itoamc

No items available.

Powered by Koha